[Event "East Lansing (MOR/2)"]
[Site "?"]
[Date "1991.??.??"]
[Round "?"]
[White "Falkowski, Kenneth"]
[Black "Foord, Allan"]
[Result "0-1"]
[WhiteElo "1745"]
[BlackElo "1605"]
[PlyCount "62"]
[EventDate "1991.??.??"]

1. d4 Nf6 2. c4 g6 3. Nc3 d5 4. Bg5 Bg7 5. e3 c6 6. Nf3 O-O 7. Bd3 Nbd7 8. O-O
dxc4 9. Bxc4 Nb6 10. Bb3 Bg4 11. h3 Bf5 12. Re1 Ne4 13. Bc2 Nxg5 14. Bxf5 Nxf3+
15. Qxf3 gxf5 16. Qxf5 Qd7 17. Qh5 Nd5 18. Ne4 Nf6 19. Nxf6+ Bxf6 20. Rad1 Qd5
21. Qg4+ Kh8 22. e4 Qxa2 23. e5 Rg8 24. Qh5 Rg5 25. Qh6 Rg6 26. Qh5 Bg7 27. f4
Qxb2 28. g4 Rh6 29. Qf5 Rxh3 30. Qe4 Qh2+ 31. Kf1 Rg3 0-1

[Event "Detroit (HPO/5/3)"]
[Site "?"]
[Date "1991.??.??"]
[Round "?"]
[White "Everett, Morgan"]
[Black "Laren, Philip"]
[Result "1-0"]
[WhiteElo "2130"]
[BlackElo "2210"]
[PlyCount "83"]
[EventDate "1991.??.??"]

{5/(3)} 1. e4 e6 2. d4 d5 3. Nc3 Nf6 4. Bg5 Be7 5. e5 Ng8 6. Bxe7 Nxe7 7. Nf3
b6 8. Bd3 Ba6 9. h4 Bxd3 10. Qxd3 h5 11. Ng5 Nbc6 12. Ne2 Nf5 13. g3 Qd7 14. c3
Nce7 15. Nf4 c5 16. O-O Nc6 17. Nf3 Rc8 18. Rac1 g6 19. a3 c4 20. Qe2 Na5 21.
Ng2 Nb3 22. Rcd1 b5 23. Ne3 Nh6 24. Ng5 a5 25. Qf3 Qe7 26. Rfe1 O-O 27. Qf4 Kg7
28. f3 Rh8 29. Kg2 Rcg8 30. Nc2 Kf8 31. Ne3 Ke8 32. Nxd5 exd5 33. e6 f6 34.
Qb8+ Qd8 35. Qxb5+ Ke7 36. Qb7+ Kd6 37. e7 Qc8 38. Re6+ Qxe6 39. Nxe6 Re8 40.
Nf4 Nf5 41. Re1 Nbxd4 42. cxd4 1-0

[Event "Detroit (HPO/1/8)"]
[Site "?"]
[Date "1991.??.??"]
[Round "?"]
[White "Everett, Morgan"]
[Black "Labiner, Jordan"]
[Result "1-0"]
[WhiteElo "2130"]
[BlackElo "1605"]
[PlyCount "31"]
[EventDate "1991.??.??"]

{1/(8)} 1. e4 e5 2. Nf3 Nc6 3. d4 exd4 4. c3 dxc3 5. Nxc3 Bc5 6. Bc4 Nf6 7. e5
Ng4 8. Bxf7+ Kf8 9. O-O Ncxe5 10. Nxe5 Nxe5 11. Bb3 d6 12. Ne4 Bf5 13. Bg5 Qe8
14. Nxc5 dxc5 15. Qd5 b6 16. Rfe1 1-0

[Event "Flint (MEX/1)"]
[Site "?"]
[Date "1991.??.??"]
[Round "?"]
[White "Everett, Morgan"]
[Black "Basin, Leonid"]
[Result "1/2-1/2"]
[WhiteElo "2115"]
[BlackElo "2480"]
[PlyCount "121"]
[EventDate "1991.??.??"]

1. e4 c5 2. Nf3 d6 3. d4 cxd4 4. Nxd4 Nf6 5. Nc3 Nc6 6. Bg5 Bd7 7. Bc4 Qa5 8.
Qd2 Nxd4 9. Bxf6 Nxc2+ 10. Qxc2 gxf6 11. Qb3 e6 12. Qxb7 Rc8 13. Bd3 Bg7 14.
O-O Rc7 15. Qb3 O-O 16. Qd1 Rb8 17. Qe2 Rcb7 18. Rab1 Qe5 19. Rfd1 f5 20. exf5
Qxe2 21. Nxe2 Rxb2 22. fxe6 fxe6 23. Kf1 d5 24. f4 R8b6 25. Rxb2 Rxb2 26. f5
Be5 27. fxe6 Bxe6 28. Re1 Bf7 29. a4 Rd2 30. Bf5 d4 31. Rc1 h5 32. Ng1 Bd5 33.
Nf3 Bxf3 34. gxf3 Rxh2 35. Rc2 Rh1+ 36. Ke2 h4 37. Rc5 Bf4 38. Be6+ Kg7 39. Rh5
Kg6 40. Bg4 Bg5 41. Kd3 Be3 42. Ke2 Rh2+ 43. Kd3 Rd2+ 44. Ke4 Bg5 45. Rh8 Bf6
46. Bf5+ Kf7 47. Rh7+ Bg7 48. Rxh4 Re2+ 49. Kd3 Re3+ 50. Kc2 Rxf3 51. Rh5 Rc3+
52. Kd2 Rc4 53. Bc2 Rc3 54. Be4 Ke6 55. Bh7 Be5 56. Bf5+ Kd5 57. Rh3 Rc4 58.
Bc2 Bf4+ 59. Kd1 Rc7 60. Rh7 Rc3 61. Rh5+ 1/2-1/2

[Event "Detroit (HPO/2/35)"]
[Site "?"]
[Date "1991.??.??"]
[Round "?"]
[White "Endres, John"]
[Black "Walker, Anthony"]
[Result "1-0"]
[WhiteElo "1605"]
[BlackElo "1605"]
[PlyCount "83"]
[EventDate "1991.??.??"]

{2/(35)} 1. e4 e5 2. Nf3 Nc6 3. Bb5 Nf6 4. O-O Bd6 5. Re1 a6 6. Bxc6 dxc6 7. d4
Bg4 8. dxe5 Bxe5 9. Qxd8+ Rxd8 10. Nxe5 Be6 11. Nc3 h6 12. Bf4 O-O 13. Na4 Nh5
14. Be3 b5 15. Nc5 Rde8 16. Nxc6 Nf6 17. Nxa6 Rc8 18. Ne7+ Kh7 19. Nxc8 Rxc8
20. Bf4 c6 21. Nc5 Nh5 22. Nxe6 fxe6 23. Be5 Rd8 24. Rad1 Rg8 25. Rd6 Re8 26.
Rxc6 Ra8 27. a3 b4 28. Bd6 bxa3 29. Bxa3 Rd8 30. Rxe6 Nf4 31. Re7 Ne2+ 32. Kf1
Nd4 33. Rd1 Nc6 34. Rxd8 Nxd8 35. b4 Kg6 36. b5 Kf6 37. b6 Nc6 38. b7 g5 39.
Re8 h5 40. Rc8 Na7 41. b8=Q Nxc8 42. Qxc8 1-0

[Event "East Lansing (MOR/1)"]
[Site "?"]
[Date "1991.??.??"]
[Round "?"]
[White "Endres, John"]
[Black "Moore, Deane"]
[Result "0-1"]
[WhiteElo "1605"]
[BlackElo "1605"]
[PlyCount "69"]
[EventDate "1991.??.??"]

1. e4 e5 2. Nf3 d6 3. Bc4 h6 4. O-O a6 5. Nc3 Nf6 6. d4 exd4 7. Qxd4 Nc6 8. Qd1
Be7 9. Nd5 Ne5 10. Nxe5 dxe5 11. Nxe7 Qxe7 12. Re1 O-O 13. Qd3 c6 14. Qg3 g5
15. Kh1 Nh5 16. Qc3 Qf6 17. Be3 Be6 18. Bc5 Rfe8 19. Rad1 b5 20. Bb3 Bxb3 21.
axb3 a5 22. Rd6 Re6 23. Rd7 a4 24. Red1 Ng7 25. Qb4 h5 26. bxa4 bxa4 27. Qb7
Ree8 28. R1d3 Qf4 29. Qxc6 Rec8 30. Qd5 h4 31. Be7 Qg4 32. Rf3 Qh5 33. Bxg5
Qxg5 34. Qxf7+ Kh7 35. Rf5 0-1

[Event "Detroit (HPO/4/34)"]
[Site "?"]
[Date "1991.??.??"]
[Round "?"]
[White "Endres, John"]
[Black "Moore, De"]
[Result "1-0"]
[WhiteElo "1605"]
[BlackElo "1605"]
[PlyCount "105"]
[EventDate "1991.??.??"]

{4/(34)} 1. e4 e5 2. Nf3 d6 3. Bc4 h6 4. O-O a6 5. d4 exd4 6. Nxd4 Nf6 7. Nc3
Be7 8. Re1 Nbd7 9. Nf5 Bf8 10. Nd5 Ne5 11. Nxf6+ Qxf6 12. Qd5 c6 13. Qd4 Qg6
14. Ng3 Be7 15. f4 Nxc4 16. Qxc4 Bh4 17. f5 Qf6 18. Nh5 Bf2+ 19. Kf1 Qh4 20.
Re2 Bc5 21. Nf4 Qxh2 22. Ke1 Kf8 23. Nd3 b5 24. Qc3 Qg1+ 25. Kd2 a5 26. Nxc5
Qxc5 27. Qxc5 dxc5 28. Kd3 c4+ 29. Kd4 Bb7 30. Kc5 Rb8 31. Bf4 Re8 32. Rd1 Re7
33. Bd6 Ke8 34. Bxe7 Kxe7 35. Red2 Rb8 36. Rd7+ Ke8 37. c3 a4 38. a3 g6 39.
fxg6 fxg6 40. R7d6 h5 41. Rxg6 Kf7 42. Rdd6 Rh8 43. Rgf6+ Ke7 44. Rf5 h4 45.
Re5+ Kf8 46. Rd8+ Kg7 47. Rxh8 Kxh8 48. Re8+ Kg7 49. Re7+ Kf6 50. Rxb7 Ke5 51.
Re7+ Kf4 52. Kxc6 Kg3 53. Rg7+ 1-0

[Event "East Lansing (MOR/7)"]
[Site "?"]
[Date "1991.??.??"]
[Round "?"]
[White "Endres, John"]
[Black "Labiner, Jordan"]
[Result "1/2-1/2"]
[WhiteElo "1605"]
[BlackElo "1605"]
[PlyCount "69"]
[EventDate "1991.??.??"]

1. e4 e5 2. Nf3 Nc6 3. Bb5 a6 4. Ba4 Nf6 5. O-O Be7 6. Re1 b5 7. Bb3 d6 8. h3
O-O 9. c3 Na5 10. Bc2 c5 11. d3 Nc6 12. Nbd2 Qc7 13. Nf1 d5 14. exd5 Nxd5 15.
Ne3 Nf6 16. d4 Rd8 17. Nf5 Bxf5 18. Bxf5 exd4 19. cxd4 Nxd4 20. Nxd4 cxd4 21.
Qe2 Bb4 22. Rd1 Re8 23. Qf3 Rad8 24. Bg5 Qe7 25. Qg3 Qe5 26. Qxe5 Rxe5 27. g4
d3 28. Bxf6 gxf6 29. Rxd3 Rxd3 30. Bxd3 h5 31. Kg2 h4 32. Rc1 Rc5 33. Rxc5 Bxc5
34. f3 Kf8 35. Bf5 1/2-1/2

[Event "East Lansing (MOR/5)"]
[Site "?"]
[Date "1991.??.??"]
[Round "?"]
[White "Endres, John"]
[Black "Cischke, J."]
[Result "1-0"]
[WhiteElo "1605"]
[BlackElo "1605"]
[PlyCount "73"]
[EventDate "1991.??.??"]

1. e4 e5 2. Nf3 Nc6 3. Bb5 Nf6 4. O-O a6 5. Bxc6 dxc6 6. Nxe5 Bd6 7. Nf3 Bg4 8.
h3 Bxf3 9. Qxf3 O-O 10. d4 Be7 11. Be3 Qd7 12. Nd2 b5 13. Nb3 Rae8 14. Rad1 Qe6
15. e5 Nd5 16. Rfe1 f6 17. exf6 Rxf6 18. Bg5 Rxf3 19. Rxe6 Nf4 20. Re4 Rxh3 21.
Bxf4 Rh5 22. Rde1 Rf8 23. Rxe7 Rxf4 24. Re8+ Kf7 25. R1e7+ Kg6 26. Re6+ Kf7 27.
R8e7+ Kf8 28. Nc5 h6 29. Rxc7 Rxd4 30. Nd7+ Kf7 31. Nf6+ Rd7 32. Nxd7 Kxe6 33.
Nf8+ Kd6 34. Rd7+ Kc5 35. Rxg7 Rd5 36. Nd7+ Kc4 37. Nb6+ 1-0

[Event "East Lansing (MOR/3)"]
[Site "?"]
[Date "1991.??.??"]
[Round "?"]
[White "Endres, John"]
[Black "Ashman, Brad"]
[Result "1-0"]
[WhiteElo "1605"]
[BlackElo "1605"]
[PlyCount "61"]
[EventDate "1991.??.??"]

1. e4 e5 2. Nf3 Nf6 3. d4 Nxe4 4. Nxe5 Qe7 5. Bd3 d5 6. O-O Bf5 7. f3 Nd6 8.
Re1 Kd8 9. Nc3 Nc6 10. Nxd5 Qe6 11. Nxc6+ bxc6 12. Rxe6 Bxe6 13. Nf4 Bc4 14.
Bxc4 Nxc4 15. Nd3 g6 16. Bg5+ Be7 17. Bxe7+ Kxe7 18. b3 Nd6 19. Qe2+ Kd7 20.
Re1 Rae8 21. Nc5+ Kc8 22. Qa6+ Kd8 23. Rxe8+ Kxe8 24. Qxa7 Kf8 25. Qxc7 Ne8 26.
Qe5 Ng7 27. Nd7+ Kg8 28. Qb8+ Ne8 29. Qxe8+ Kg7 30. Qxh8+ Kxh8 31. a4 1-0

[Event "Flint (MI Senior/2)"]
[Site "?"]
[Date "1991.??.??"]
[Round "?"]
[White "Emke, Robert"]
[Black "Swartz, J."]
[Result "1-0"]
[WhiteElo "1930"]
[BlackElo "1690"]
[PlyCount "55"]
[EventDate "1991.??.??"]

1. d4 Nf6 2. c4 d5 3. e3 c6 4. Nc3 e6 5. Nf3 Bb4 6. Bd2 O-O 7. a3 Bxc3 8. Bxc3
Ne4 9. Bd3 Nxc3 10. bxc3 Nd7 11. c5 b6 12. cxb6 axb6 13. Qc2 Nf6 14. Ng5 g6 15.
h4 Ba6 16. Bxa6 Rxa6 17. h5 Ng4 18. Nxh7 Re8 19. hxg6 f5 20. Qe2 Kg7 21. Qxa6
Kxg6 22. Rb1 Re7 23. Rxb6 Rxh7 24. Rxh7 Kxh7 25. Rxc6 Qh4 26. Qb7+ Kg6 27.
Rxe6+ Nf6 28. Qe7 1-0

[Event "Flint (MI Senior/4)"]
[Site "?"]
[Date "1991.??.??"]
[Round "?"]
[White "Emke, Robert"]
[Black "LaForge, Tom"]
[Result "0-1"]
[WhiteElo "1930"]
[BlackElo "1960"]
[PlyCount "74"]
[EventDate "1991.??.??"]

1. d4 Nf6 2. e3 g6 3. f4 Bg7 4. Nf3 b6 5. Bd3 Bb7 6. O-O e6 7. h3 d5 8. Bd2
Nbd7 9. Be1 c5 10. c3 Qc7 11. Nbd2 Ne4 12. Ne5 O-O 13. Nxd7 Qxd7 14. Nf3 f6 15.
Nd2 Nd6 16. g4 e5 17. Bf2 cxd4 18. cxd4 e4 19. Bc2 Rac8 20. Bb3 Rc7 21. Qb1 f5
22. g5 Qe6 23. Rc1 Rfc8 24. Rxc7 Rxc7 25. Qf1 Bxd4 26. exd4 e3 27. Bxe3 Qxe3+
28. Qf2 Qxh3 29. Re1 Kf8 30. Nb1 Ne4 31. Qh2 Qd3 32. Rd1 Qe3+ 33. Kf1 Rc1 34.
Qh6+ Kg8 35. Qh2 Rxd1+ 36. Bxd1 Ba6+ 37. Be2 Bxe2+ 0-1

[Event "Detroit (HPO/5/34)"]
[Site "?"]
[Date "1991.??.??"]
[Round "?"]
[White "Edens, Samuel"]
[Black "Thornton, Ivan"]
[Result "0-1"]
[WhiteElo "1605"]
[BlackElo "1605"]
[PlyCount "56"]
[EventDate "1991.??.??"]

{5/(34)} 1. e4 e5 2. Nf3 Nc6 3. Bc4 Nd4 4. Nxd4 exd4 5. Qf3 Nf6 6. d3 Bb4+ 7.
Nd2 a5 8. e5 Qe7 9. Qf4 d6 10. O-O dxe5 11. Qf3 O-O 12. Re1 Ng4 13. a3 Bd6 14.
h3 e4 15. Rxe4 Ne5 16. Qe2 c5 17. f4 Be6 18. fxe5 Bb8 19. Qf3 b5 20. Bxb5 Bd5
21. Bc6 Bxc6 22. b3 Bxe4 23. Nxe4 Bxe5 24. Qg4 Qc7 25. Bh6 f5 26. Qg5 fxe4 27.
Rf1 Bh2+ 28. Kh1 Rxf1# 0-1

[Event "Detroit (HPO/1/17)"]
[Site "?"]
[Date "1991.??.??"]
[Round "?"]
[White "Edens, Samuel"]
[Black "Maloy, Mickey"]
[Result "0-1"]
[WhiteElo "1605"]
[BlackElo "2000"]
[PlyCount "68"]
[EventDate "1991.??.??"]

{1/(17)} 1. e4 c5 2. Nf3 d6 3. d3 Nf6 4. c4 Nc6 5. Nc3 Bg4 6. Be2 e6 7. Bg5 Be7
8. O-O O-O 9. Re1 a6 10. h3 Bh5 11. Qd2 Bxf3 12. Bxf3 Nd4 13. Be2 b5 14. b3 Nd7
15. Be3 Bf6 16. Bxd4 Bxd4 17. Rac1 bxc4 18. dxc4 f5 19. Bf3 Ne5 20. Qe2 Nxf3+
21. Qxf3 fxe4 22. Qxe4 Bxf2+ 23. Kh1 Bxe1 24. Rxe1 Rf6 25. Ne2 d5 26. Qe3 d4
27. Qe5 Rc8 28. Nf4 Qc7 29. Nxe6 Qxe5 30. Rxe5 Re8 31. Nxc5 Rxe5 32. Nd7 Re1+
33. Kh2 d3 34. Nxf6+ gxf6 0-1

[Event "Detroit (MI Action/3)"]
[Site "?"]
[Date "1991.??.??"]
[Round "?"]
[White "Edens, Samuel"]
[Black "Arnold, J."]
[Result "1-0"]
[WhiteElo "1605"]
[BlackElo "1605"]
[PlyCount "47"]
[EventDate "1991.??.??"]

1. e4 e5 2. Nf3 Nc6 3. Bc4 d6 4. d3 f5 5. Ng5 f4 6. Nf7 Qe7 7. Nxh8 Be6 8. Qh5+
g6 9. Nxg6 Bf7 10. Nxe7 Bxh5 11. Nxg8 O-O-O 12. Nf6 Bg6 13. Be6+ Kb8 14. Nd7+
Ka8 15. Nc3 Nd4 16. Nd5 b6 17. Nxc7+ Kb7 18. Nxf8 Rxf8 19. Bd5+ Kxc7 20. Kd2
Rc8 21. c3 Nb5 22. a4 Nxc3 23. bxc3 Kd7 24. Ba3 1-0

[Event "Detroit (HPO/5/25)"]
[Site "?"]
[Date "1991.??.??"]
[Round "?"]
[White "Edens, A."]
[Black "Rostrom, Richard"]
[Result "0-1"]
[WhiteElo "1605"]
[BlackElo "1660"]
[PlyCount "70"]
[EventDate "1991.??.??"]

{5/(25)} 1. e4 c6 2. d4 d5 3. f3 e6 4. Bd3 c5 5. Ne2 c4 6. Bxc4 dxc4 7. O-O Nc6
8. d5 Bc5+ 9. Kh1 Nce7 10. Nbc3 h6 11. dxe6 Bxe6 12. Qxd8+ Rxd8 13. Rd1 Rxd1+
14. Nxd1 Nf6 15. Be3 Bxe3 16. Nxe3 Nc6 17. Nf4 Ke7 18. Nxe6 fxe6 19. Nxc4 b5
20. Ne3 Rd8 21. Rd1 Rxd1+ 22. Nxd1 Nb4 23. Ne3 Nxa2 24. c3 Nc1 25. Kg1 Nd3 26.
Nd1 Nd7 27. Kf1 Nb6 28. Ke2 Nf4+ 29. Kf2 Kd6 30. g3 Nd3+ 31. Ke3 Nc5 32. f4
Nc4+ 33. Kd4 e5+ 34. fxe5+ Nxe5 35. Ne3 Nc6# 0-1

[Event "Detroit (HPO/3/24)"]
[Site "?"]
[Date "1991.??.??"]
[Round "?"]
[White "Edens, A."]
[Black "Mohammed, A."]
[Result "0-1"]
[WhiteElo "1605"]
[BlackElo "1785"]
[PlyCount "50"]
[EventDate "1991.??.??"]

{3/(24)} 1. e4 c5 2. Nc3 Nc6 3. Nf3 d6 4. d4 cxd4 5. Nxd4 g6 6. Be3 Bg7 7. Bb5
Bd7 8. O-O Nf6 9. Qd2 Ng4 10. h3 Nxe3 11. Qxe3 Nxd4 12. Bxd7+ Qxd7 13. Qd3 Rc8
14. Rac1 O-O 15. Qe3 f5 16. Rfd1 f4 17. Qd3 Ne6 18. Qd5 Rc5 19. Qd3 f3 20. g3
Rh5 21. g4 Rxh3 22. Rd2 Nf4 23. Qc4+ Kh8 24. Rcd1 Qxg4+ 25. Kf1 Rh1# 0-1

[Event "Flint (MEX/1)"]
[Site "?"]
[Date "1991.??.??"]
[Round "?"]
[White "Eagle, Chris"]
[Black "Karklins, A."]
[Result "0-1"]
[WhiteElo "2105"]
[BlackElo "2380"]
[PlyCount "102"]
[EventDate "1991.??.??"]

1. d4 Nf6 2. Nf3 g6 3. c4 Bg7 4. Nc3 O-O 5. e4 d6 6. Be2 e5 7. O-O Nh5 8. dxe5
dxe5 9. Qxd8 Rxd8 10. Nd5 Na6 11. g3 Bh3 12. Re1 c6 13. Ne7+ Kf8 14. Ng5 Bd7
15. Nf5 gxf5 16. Bxh5 f6 17. Nf7 Rdb8 18. Nd6 fxe4 19. Nxe4 f5 20. Ng5 h6 21.
Rd1 Ke7 22. Nf3 Nb4 23. Be3 b6 24. Rd2 c5 25. a3 Nc6 26. Bf7 Nd4 27. Bxd4 cxd4
28. Bd5 Kd6 29. Bxa8 Rxa8 30. Rc1 Rc8 31. b4 Be6 32. Nh4 Bf6 33. c5+ bxc5 34.
bxc5+ Rxc5 35. Rxc5 Kxc5 36. Kf1 e4 37. Ng2 d3 38. Ne3 Bb3 39. Nxf5 Bc3 40. Ke1
h5 41. h3 Be6 42. g4 Bxf5 43. gxf5 Kd5 44. Kd1 Bxd2 45. Kxd2 Ke5 46. f3 Kxf5
47. fxe4+ Kxe4 48. h4 a5 49. a4 Kd4 50. Kd1 Kc3 51. Kc1 Kb3 0-1

[Event "East Lansing (MOR/7)"]
[Site "?"]
[Date "1991.??.??"]
[Round "?"]
[White "Dyer, Todd"]
[Black "Gregg, Ted"]
[Result "1/2-1/2"]
[WhiteElo "1605"]
[BlackElo "1605"]
[PlyCount "114"]
[EventDate "1991.??.??"]

1. e4 e5 2. Nf3 Nc6 3. Bb5 a6 4. Ba4 Nf6 5. d3 b5 6. Bb3 Be7 7. O-O O-O 8. Bg5
d6 9. h3 Na5 10. Nc3 Nxb3 11. axb3 Be6 12. Qd2 Re8 13. Ne2 c5 14. Ng3 Qc7 15.
c4 b4 16. Ra2 Ra7 17. Rfa1 Rea8 18. Nh2 Qd7 19. h4 Ng4 20. Nf3 f6 21. Be3 Nxe3
22. fxe3 Bg4 23. Rf1 Rf8 24. Rfa1 Qc8 25. d4 Bxf3 26. gxf3 Qh3 27. Qh2 Qxh2+
28. Kxh2 Rfa8 29. Nf5 Kf7 30. Nxe7 Kxe7 31. dxc5 dxc5 32. Ra5 Kd6 33. Rd1+ Kc6
34. Rd5 Kb6 35. Rdxc5 Rd8 36. Rd5 Rad7 37. Rxd7 Rxd7 38. Rd5 Kc6 39. Rxd7 Kxd7
40. Kg3 g6 41. Kg4 Ke6 42. h5 Kf7 43. hxg6+ hxg6 44. f4 exf4 45. exf4 Ke6 46.
e5 fxe5 47. fxe5 Kxe5 48. Kg5 Kd4 49. Kxg6 a5 50. Kf5 a4 51. bxa4 Kxc4 52. b3+
Kxb3 53. a5 Kc3 54. a6 b3 55. a7 b2 56. a8=Q b1=Q+ 57. Ke5 Qb5+ 1/2-1/2

[Event "East Lansing (MOR/3)"]
[Site "?"]
[Date "1991.??.??"]
[Round "?"]
[White "Dyer, Todd"]
[Black "Falkowski, Kenneth"]
[Result "0-1"]
[WhiteElo "1605"]
[BlackElo "1745"]
[PlyCount "68"]
[EventDate "1991.??.??"]

1. d4 Nf6 2. e3 g6 3. Bd3 e6 4. Nf3 b6 5. Nbd2 Bb7 6. c3 Bg7 7. b3 d5 8. Bb2
O-O 9. Qc2 Nbd7 10. O-O-O c5 11. dxc5 bxc5 12. c4 a5 13. Rdg1 a4 14. bxa4 Qa5
15. h4 Qxa4 16. Qxa4 Rxa4 17. cxd5 Bxd5 18. Bb5 Ra7 19. Bxd7 Nxd7 20. Bxg7 Kxg7
21. g4 Rxa2 22. e4 Bc6 23. Rh2 Rfa8 24. Re1 Bb5 25. Re3 c4 26. Rc3 Ra1+ 27. Nb1
Nc5 28. Nfd2 Nd3+ 29. Kd1 R8a2 30. f3 Rxb1+ 31. Nxb1 Rxh2 32. Na3 Ba4+ 33. Nc2
Bb3 34. f4 Nxf4 0-1

[Event "East Lansing (MOR/1)"]
[Site "?"]
[Date "1991.??.??"]
[Round "?"]
[White "Dyer, Todd"]
[Black "Conway, M."]
[Result "0-1"]
[WhiteElo "1605"]
[BlackElo "1750"]
[PlyCount "73"]
[EventDate "1991.??.??"]

1. d4 f5 2. e3 Nf6 3. Bd3 e6 4. Nd2 Be7 5. c4 Nc6 6. b3 O-O 7. Bb2 Qe8 8. Qc2
Nb4 9. Qc3 Nxd3+ 10. Qxd3 Qg6 11. g3 b6 12. f3 Bb7 13. Ne2 a5 14. O-O-O a4 15.
Rhg1 axb3 16. Qxb3 Ra7 17. Rdf1 Rfa8 18. Nc3 Bc6 19. Ndb1 Qh6 20. Qc2 Qxe3+ 21.
Qd2 Qxd2+ 22. Nxd2 Bb4 23. Ndb1 d5 24. cxd5 Nxd5 25. Nxd5 Bxd5 26. a3 Bd6 27.
f4 Ba2 28. Nc3 Bxa3 29. Bxa3 Rxa3 30. Nb5 Rd3 31. Kc2 Bc4 32. Nxc7 Ra2+ 33. Kb1
Rdd2 34. Re1 Bd3+ 35. Kc1 Rac2+ 36. Kb1 Rxc7+ 37. Ka1 0-1

[Event "East Lansing (MOR/5)"]
[Site "?"]
[Date "1991.??.??"]
[Round "?"]
[White "Dyer, Todd"]
[Black "Choyke, J."]
[Result "1-0"]
[WhiteElo "1605"]
[BlackElo "1605"]
[PlyCount "83"]
[EventDate "1991.??.??"]

1. d4 Nf6 2. e3 e6 3. Bd3 d6 4. Nf3 Be7 5. O-O O-O 6. Nbd2 Nc6 7. c4 e5 8. dxe5
dxe5 9. Qc2 Nb4 10. Bxh7+ Nxh7 11. Qc3 f6 12. b3 a5 13. Nh4 Qe8 14. e4 Qh5 15.
Qg3 Nc2 16. Rb1 Nd4 17. Kh1 Ne2 18. Qf3 Bg4 19. Qe3 Qxh4 20. Nf3 Nxc1 21. Nxh4
Nxb3 22. Qxb3 b6 23. c5+ Rf7 24. cxb6 Rb8 25. b7 Be2 26. Rfc1 Bd8 27. Nf5 Ba6
28. Qd5 Bxb7 29. Rxb7 Rxb7 30. Qxb7 Rd7 31. Qb3+ Kf8 32. Rd1 Rxd1+ 33. Qxd1 Be7
34. Nxe7 Kxe7 35. h4 Nf8 36. Qc1 Kd7 37. Qc5 Ne6 38. Qxa5 Nf4 39. a4 g5 40.
hxg5 fxg5 41. Qxe5 Nd3 42. Qd4+ 1-0

[Event "Detroit (HPO/1/29)"]
[Site "?"]
[Date "1991.??.??"]
[Round "?"]
[White "Duke, D."]
[Black "Williams, Ron"]
[Result "0-1"]
[WhiteElo "1605"]
[BlackElo "1805"]
[PlyCount "58"]
[EventDate "1991.??.??"]

{1/(29)} 1. e4 e5 2. Nf3 Nc6 3. Bb5 a6 4. Bxc6 dxc6 5. d3 Bd6 6. Nc3 Bg4 7. h3
Bh5 8. Be3 Ne7 9. Ne2 f5 10. exf5 Bxf3 11. gxf3 Nxf5 12. Qd2 Nh4 13. Ng1 Ng2+
14. Kd1 O-O 15. c3 Qe8 16. Kc2 Qe6 17. h4 a5 18. Rh2 Nxe3+ 19. Qxe3 e4 20. Rh3
exd3+ 21. Qxd3 Rad8 22. Qe4 Qf7 23. Ne2 Rfe8 24. Qd3 Bf4 25. Qxd8 Rxd8 26. Nxf4
Qxf4 27. Rg3 Rd2+ 28. Kb3 b5 29. Rag1 Qa4# 0-1

[Event "Detroit (HPO/5/27)"]
[Site "?"]
[Date "1991.??.??"]
[Round "?"]
[White "Duke, D."]
[Black "Lewis, Derrick"]
[Result "0-1"]
[WhiteElo "1605"]
[BlackElo "1935"]
[PlyCount "106"]
[EventDate "1991.??.??"]

{5/(27)} 1. e4 e5 2. Nf3 Nc6 3. Nc3 Bb4 4. a3 Ba5 5. b4 Bb6 6. Nd5 d6 7. c3 Nf6
8. Nxb6 axb6 9. Ng5 h6 10. Nxf7 Kxf7 11. Qb3+ Be6 12. Bc4 Bxc4 13. Qxc4+ d5 14.
exd5 Nxd5 15. O-O Ke8 16. g3 Nf6 17. d3 Qd5 18. Qxd5 Nxd5 19. Bd2 Rf8 20. b5
Nce7 21. c4 Nf6 22. Bb4 Rf7 23. Rfe1 Rd8 24. Rxe5 Rxd3 25. Rae1 Nfg8 26. R5e4
Rd7 27. c5 bxc5 28. Bxc5 Nf6 29. R4e2 Kd8 30. b6 c6 31. a4 Nf5 32. Ba3 Nd4 33.
Bc5 Nf3+ 34. Kg2 Nxe1+ 35. Rxe1 Rd5 36. Rc1 Nd7 37. Be3 Ra5 38. Ra1 Nc5 39.
Bxc5 Rxc5 40. a5 Rb5 41. a6 bxa6 42. Rxa6 Rb7 43. Ra8+ Kd7 44. Ra7 Rxa7 45.
bxa7 Ra5 46. h4 Rxa7 47. f4 h5 48. Kh3 g6 49. g4 Ra3+ 50. Kg2 hxg4 51. f5 gxf5
52. h5 Ke7 53. h6 Kf7 0-1

[Event "Detroit (HPO/2/40)"]
[Site "?"]
[Date "1991.??.??"]
[Round "?"]
[White "Duke, D."]
[Black "Carvell, John"]
[Result "1-0"]
[WhiteElo "1605"]
[BlackElo "1605"]
[PlyCount "29"]
[EventDate "1991.??.??"]

{2/(40)} 1. e4 e5 2. Nf3 Nc6 3. Bb5 a6 4. Bxc6 dxc6 5. h3 Qd6 6. O-O Nf6 7. Nc3
c5 8. d3 Be7 9. b3 Be6 10. Bb2 c6 11. Ne2 O-O-O 12. Bxe5 Qd7 13. Nc3 Nh5 14.
Na4 f6 15. Nb6# 1-0

[Event "Detroit (HPO/2/12)"]
[Site "?"]
[Date "1991.??.??"]
[Round "?"]
[White "Dobbs, Edward"]
[Black "Turner, George"]
[Result "0-1"]
[WhiteElo "1755"]
[BlackElo "2110"]
[PlyCount "78"]
[EventDate "1991.??.??"]

{2/(12)} 1. c4 e5 2. Nc3 Nc6 3. e3 g6 4. g3 Bg7 5. Bg2 d6 6. Nge2 Bg4 7. b3 Qd7
8. O-O Nge7 9. Bb2 O-O-O 10. f3 Bh3 11. d4 Bxg2 12. Kxg2 Nf5 13. Nd5 h5 14. Qd2
h4 15. g4 h3+ 16. Kh1 Nh4 17. b4 e4 18. fxe4 Qxg4 19. Ng3 Qd7 20. b5 Nb8 21. a4
f5 22. a5 c6 23. Rac1 Rde8 24. Nb4 fxe4 25. bxc6 bxc6 26. Rf4 Bh6 27. Rxh4 Bxe3
28. Qxe3 Rxh4 29. Re1 Qe7 30. Bc3 Qf7 31. d5 c5 32. Nd3 Kc7 33. Rf1 Qd7 34. Nf4
Kb7 35. Ne6 Rxe6 36. dxe6 Qxe6 37. Bf6 Rh7 38. Nxe4 Nc6 39. Qb3+ Nb4 0-1

[Event "Detroit (HPO/4/24)"]
[Site "?"]
[Date "1991.??.??"]
[Round "?"]
[White "Dobbs, Edward"]
[Black "Davis, Michael"]
[Result "1-0"]
[WhiteElo "1755"]
[BlackElo "1605"]
[PlyCount "79"]
[EventDate "1991.??.??"]

{4/(24)} 1. c4 e6 2. d4 Nf6 3. Nf3 c5 4. d5 b5 5. b3 Bb7 6. d6 Qb6 7. Bf4 Ne4
8. cxb5 Nxd6 9. a4 Qa5+ 10. Nfd2 Nxb5 11. e4 Nd6 12. f3 Be7 13. Kf2 O-O 14.
Bxd6 Bxd6 15. Nc4 Bg3+ 16. hxg3 Qc7 17. Nd6 Bc6 18. Na3 a6 19. Nac4 a5 20. Qd3
Na6 21. e5 g6 22. Qe3 h5 23. g4 Qd8 24. Qh6 Qe7 25. Bd3 f5 26. Qxg6+ Qg7 27.
Qxh5 fxg4 28. Bh7+ Kh8 29. Bf5+ Kg8 30. Bxg4 Nb4 31. Rad1 Nd5 32. g3 Nc3 33.
Rde1 Nd5 34. Rh4 Nc7 35. Bxe6+ Nxe6 36. Rg4 Rxf3+ 37. Ke2 Nd4+ 38. Kd2 Raf8 39.
Rxg7+ Kxg7 40. Qg5+ 1-0

[Event "Detroit (HPO/4/10)"]
[Site "?"]
[Date "1991.??.??"]
[Round "?"]
[White "Dmuchowski, Frank"]
[Black "Calton, Bill"]
[Result "0-1"]
[WhiteElo "1810"]
[BlackElo "2080"]
[PlyCount "116"]
[EventDate "1991.??.??"]

{4/(10)} 1. d4 Nf6 2. c4 e6 3. Nf3 c5 4. g3 d5 5. cxd5 Nxd5 6. Bg2 Be7 7. O-O
O-O 8. b3 Nc6 9. Bb2 Bd7 10. Nc3 Nf6 11. Rc1 Rc8 12. dxc5 Qa5 13. Na4 Rfd8 14.
a3 Ne5 15. b4 Nxf3+ 16. Bxf3 Qxa4 17. Bxb7 Rc7 18. c6 Qb5 19. Qc2 Bc8 20. Bxc8
Rdxc8 21. Qc4 Qxc4 22. Rxc4 Rxc6 23. Rxc6 Rxc6 24. Rc1 Rxc1+ 25. Bxc1 Nd5 26.
f3 Bd8 27. e4 Nc3 28. Kf1 Kf8 29. Ke1 Bb6 30. Kd2 Nb5 31. Kd3 Ke7 32. a4 Nc7
33. Kc4 Bg1 34. h3 Bf2 35. g4 Kd6 36. Bb2 e5 37. b5 Ne6 38. a5 Bc5 39. h4 f6
40. g5 fxg5 41. hxg5 h5 42. f4 exf4 43. e5+ Kd7 44. b6 axb6 45. a6 f3 46. Kd3
b5 47. g6 Nf4+ 48. Ke4 f2 49. Bd4 Bxd4 50. Kxd4 f1=Q 51. a7 Qd3+ 52. Kc5 Qc4+
53. Kb6 Nd5+ 54. Ka6 Qa4+ 55. Kb7 Qa5 56. e6+ Kd6 57. a8=N Qxa8+ 58. Kxa8 Kxe6
0-1

[Event "East Lansing (MOR/7)"]
[Site "?"]
[Date "1991.??.??"]
[Round "?"]
[White "Demers, J."]
[Black "Winkelspecht, A."]
[Result "0-1"]
[WhiteElo "1605"]
[BlackElo "1605"]
[PlyCount "74"]
[EventDate "1991.??.??"]

1. e4 c6 2. d4 d5 3. e5 Bf5 4. Nf3 Nd7 5. Nc3 Qc7 6. Nh4 Bg6 7. Bd3 O-O-O 8.
Nxg6 hxg6 9. Qg4 e6 10. Bf4 Be7 11. O-O-O Nh6 12. Bxh6 Rxh6 13. g3 Rdh8 14. h4
g5 15. h5 g6 16. Qf3 Rf8 17. g4 Qd8 18. a3 c5 19. Ne2 c4 20. Nc3 cxd3 21. Qxd3
gxh5 22. Nb5 a6 23. Nc3 h4 24. Na4 Qc7 25. Qb3 b5 26. Nc3 Qc4 27. Rd3 Qxb3 28.
cxb3 Kb7 29. Kb1 Rc8 30. b4 f6 31. exf6 Bxf6 32. Re3 Bxd4 33. Re2 Bxc3 34. bxc3
Rxc3 35. Kb2 Rf3 36. Rh2 h3 37. Kc2 Rxa3 0-1